| 000 | 00538nam a2200157Ia 4500 | ||
|---|---|---|---|
| 008 | 170221s9999 xx 000 0 und d | ||
| 100 | _aKrzysztof Szczypiorski | ||
| 245 | _a“The Good, The Bad and The Ugly”: Evaluation of Wi-Fi Steganography | ||
| 245 | _cKrzysztof Szczypiorski, Artur Janicki, and Steffen Wendzel | ||
| 260 | _bJournal of Communications | ||
| 260 | _c2015 | ||
| 300 | _a35 : 13 | ||
| 650 | _xCommunication | ||
| 650 | _xMedia Arts | ||
| 856 | _uhttp://www.jocm.us/index.php?m=content&c=index&a=lists&catid=154 | ||
| 999 |
_c310731 _d310731 |
||